|
|
|
|
| LEADER |
00000cam a2200000 7i4500 |
| 001 |
0000008325 |
| 002 |
000009077 |
| 005 |
20000330.0 |
| 020 |
|
|
|a 9813051515
|
| 090 |
0 |
0 |
|a JF
|b BOO
|
| 245 |
1 |
0 |
|a Bookworm short stories 64
|
| 260 |
|
|
|a Singapore :
|b Bookworm Publishing ,
|c 1994
|
| 300 |
|
|
|a 75p. :
|b ill. ;
|c 22cm.
|
| 490 |
0 |
|
|a Bookworm
|
| 650 |
0 |
0 |
|a Children's stories
|
| 999 |
|
|
|a 047113
|b BUKU
|c PINJAMAN
|e PERPUSTAKAAN KOMUNITI PETALING JAYA
|
| 999 |
|
|
|a 047114
|b BUKU
|c PINJAMAN
|e PERPUSTAKAAN KOMUNITI PETALING JAYA
|
| 999 |
|
|
|a 050839
|b BUKU
|c PINJAMAN
|e PERPUSTAKAAN KOMUNITI PETALING JAYA
|
| 999 |
|
|
|a 050840
|b BUKU
|c PINJAMAN
|e PERPUSTAKAAN KOMUNITI PETALING JAYA
|
| 999 |
|
|
|a 050841
|b BUKU
|c PINJAMAN
|e PERPUSTAKAAN KOMUNITI PETALING JAYA
|